00975 a2200181 4500003000500000005001700005010001700022020002800039040000900067082001600076100002400092245007100116260004300187300003300230440004700263505044900310650003400759Nust20220819112329.0 a 2004046249 a1580536344 (alk. paper) cNust00a621.384,BAR1 aBarbarossa, Sergio.10aMultiantenna wireless communications systems /cSergio Barbarossa. aBoston, Mass. :bArtech House,cc2005. axv, 448 p. :bill. ;c24 cm. 0aArtech House mobile communications library aIntroduction (Page-1), Channel Models and Modes (Page-27), Multicarrier Systems (Page-91), Multi Access Systems (Page-121), Diversity And Multiplexing Gain in Open-Loop MIMO Systems (Page-175), Optimal Design of Closed Loop MIMO Systems (Page-229), Space Time Coding for Flat Fading Channels (Page-303), Space Time Coding for Frequency Selective Channels (Page-357), Space Time for Multiuser Systems (Page-381), Cooperative Networks (Page-395). 0aTelecommunication engineering